| 000 | 00373pam a2200157a 44500 | ||
|---|---|---|---|
| 008 | 230515b1980 xxu||||| |||| 00| 0 eng d | ||
| 020 | _aNULL | ||
| 041 | _aENGL | ||
| 082 | _a660.2842/SMI/MCC | ||
| 100 | _aW.L.MCCABE SMITH A. | ||
| 245 | _aUNIT OPERATIONS OF CHEMICAL ENGINEERING | ||
| 250 | _a4 | ||
| 260 |
_aNULL _bMc. G _c1980 |
||
| 300 | _a960 PB | ||
| 650 | _aNULL | ||
| 999 |
_c615427 _d615427 |
||